00986cam a2200253 i 4500020002900000020003000029020002300059020005000082020005200132020005000184020005200234020004800286020005000334040000800384082002600392245005300418260005000471300002800521500009700549650002200646700001500668700003300683700001600716 a0387101616 (v. 9 : U.S.) a0387101969 (v. 10 : U.S.) a0387101977 (v. 11) a3540121439 (v. 16AB : SpringerVerlag, Berlin) a0387121439 (v. 16AB : SpringerVerlag, New York) a354012103X (v. 15AB : SpringerVerlag, Berlin) a038712103X (v. 15AB : SpringerVerlag, New York) a3540127380 (v. 17 : SpringerVerlag, Berlin) a0387127380 (v. 17 : SpringerVerlag, New York) cDDC a581 SPR 1975 A063 Or.00aEncyclopedia of plant physiology :bnew series /0 aBerlin ;aNew York :bSpringer-Verlag,c1975- av. in :bill. ;c25 cm. aEarlier ed. issued in 1955-1967 by W. Ruhland under title: Handbuch der Pflanzenphysiologie. 0aPlant physiology.1 aPirson, A.1 aZimmermann, Martin Huldrych,11aRuhland, W.